Hegel, dialéctica del amo y el esclavo /
Hegel, dialéctica del amo y el esclavo: cómo comienza la historia, el deseo del hombre, el miedo a la muerte y el sometimiento al otro; el contacto con la materia del esclavo y la creación de cultura; la desilusión del amo; filosofías idealistas y filosofías materialistas, pensar a los nuevos sujeto...
Guardado en:
| Autor Principal: | |
|---|---|
| Autor Corporativo: | |
| Formato: | |
| Publicado: |
Argentina,
2008
|
| Series: | Filosofía aquí y ahora - Temporada 1
|
| Materias: | |
| Etiquetas: |
Agregar Etiqueta
Sin Etiquetas, Sea el primero en etiquetar este registro!
|
| LEADER | 01338ngm a22003255g 4500 | ||
|---|---|---|---|
| 001 | CEM.cems023352 | ||
| 008 | 130507s2008##################0###0#####d | ||
| 005 | 20250306174045.0 | ||
| 245 | 1 | 0 | |a Hegel, dialéctica del amo y el esclavo / |c José Pablo Feinmann. |
| 260 | |a Argentina, |c 2008 | ||
| 300 | |a 28'. | ||
| 490 | 0 | |a Filosofía aquí y ahora - Temporada 1 | |
| 500 | |a Consultar en ventanilla. | ||
| 538 | |a Soporte: DVD - Color: Si - Grabación DRD. | ||
| 590 | |a Identificación anterior registrada en SIABUC: D62A | ||
| 520 | |a Hegel, dialéctica del amo y el esclavo: cómo comienza la historia, el deseo del hombre, el miedo a la muerte y el sometimiento al otro; el contacto con la materia del esclavo y la creación de cultura; la desilusión del amo; filosofías idealistas y filosofías materialistas, pensar a los nuevos sujetos históricos: la burguesía y el proletariado. | ||
| 100 | 1 | |a Feinmann, José Pablo | |
| 710 | 2 | |a Canal Encuentro. | |
| 082 | 1 | 0 | |/ FEI-1 |
| 653 | |a FILOSOFIA | ||
| 653 | |a HEGEL | ||
| 653 | |a DIALECTICA | ||
| 653 | |a FEINMANN | ||
| 653 | |a FILOSOFIA AQUI Y AHORA | ||
| 653 | |a BURGUESIA | ||
| 653 | |a PROLETARIADO | ||
| 653 | |a HISTORIA | ||
| 653 | |a HISTORIA EUROPEA | ||
| 653 | |a SERIE DE TELEVISIÓN | ||
| 859 | |a CEMS |b BIB. CEMS - Depto. Recursos Didacticos |h 100 |i FEI-1 |k DRD |p 1995.15 |t Ej.1 | ||
